000 00536nam a2200181 i 4500
001 64900
003 ES-MaACL
005 20230906165240.0
007 t|
008 040107s1907 sp ||||1| spa d
080 _a821.134.2-14"19"
100 1 _aFortún, Fernando.
_951874
245 1 3 _aLa hora romántica
_b: poesías /
_cFernando Fortún ; prólogo de F. Villaespesa.
260 _aMadrid :
_b[s.n.],
_c1907 (
_fGutenberg)
300 _a108 p. ;
_c14 cm.
700 1 _aVillaespesa, Francisco.
_9114917
852 _aES-MaACL
_jR-3460
999 _c64900
_d64900